Karl Marx: selected writings (Record no. 48568)

MARC details
000 -LEADER
fixed length control field 00565nam a2200169 a 4500
008 - FIXED-LENGTH DATA ELEMENTS--GENERAL INFORMATION
fixed length control field 120416s1977 ||||||||||||||||| || u
020 ## - INTERNATIONAL STANDARD BOOK NUMBER
International Standard Book Number 0198760388
050 ## - LIBRARY OF CONGRESS CALL NUMBER
Classification number HB 97.5 Mar
100 ## - MAIN ENTRY--PERSONAL NAME
Personal name McLellan, David
245 10 - TITLE STATEMENT
Title Karl Marx: selected writings
260 ## - PUBLICATION, DISTRIBUTION, ETC.
Place of publication, distribution, etc. Oxford:
Name of publisher, distributor, etc. Oxford University Press
Date of publication, distribution, etc. 1977
300 ## - PHYSICAL DESCRIPTION
Extent ix, 625p.
350 ## - PRICE (NR) (BK AM CF MU VM SE) [OBSOLETE]
Price 0.00
650 ## - SUBJECT ADDED ENTRY--TOPICAL TERM
Topical term or geographic name entry element SOCIALISM
700 ## - ADDED ENTRY--PERSONAL NAME
Personal name Marx, Karl, 1818-1883
995 ## - RECOMMENDATION 995 [LOCAL, UNIMARC FRANCE]
-- 0.00
-- CBU-MAIN LIBRARY (Kitwe)
-- 1
-- 8.95
-- AVAILABLE
-- Main Library Open Access Collection
Holdings
Withdrawn status Lost status Source of classification or shelving scheme Damaged status Not for loan Home library Current library Shelving location Date acquired Total Checkouts Full call number Barcode Date last seen Price effective from Koha item type
          CBU-MAIN LIBRARY, KITWE. CBU-MAIN LIBRARY, KITWE.   11/30/2022   HB 97.5 Mar 001774 11/30/2022 11/30/2022 MONOGRAPH